[Event "AUTO-ADV-3797"]
[Site "http://www.queenalice.com/game.php?id=1491446"]
[Date "2017.8.24"]
[Round "2"]
[White "Eggchaser"]
[Black "avian"]
[Result "1-0"]
[WhiteElo "1892"]
[BlackElo "1780"]

1. d4 d5 2. c4 c6 3. Nf3 Nf6 4. Nc3 e6 5. Bg5 Bb4 6. Bxf6 Qxf6 7. e3 O-O 8. Bd3
Re8 9. O-O Nd7 10. a3 Bxc3 11. bxc3 e5 12. Nxe5 Nxe5 13. dxe5 Rxe5 14. Qc2 1-0

[Event "AUTO-ADV-3797"]
[Site "http://www.queenalice.com/game.php?id=1491447"]
[Date "2017.8.24"]
[Round "2"]
[White "avian"]
[Black "Eggchaser"]
[Result "0-1"]
[WhiteElo "1792"]
[BlackElo "1880"]

1. d4 Nf6 2. c4 c5 3. Nf3 cxd4 4. Nxd4 g6 5. Nc3 Bg7 6. e4 d6 7. Be3 O-O 8. Be2
Nc6 9. Nxc6 bxc6 10. O-O Be6 11. Qc2 a6 12. Rfd1 Qc7 13. a4 Qb7 14. Rab1 a5 0-1

[Event "AUTO-ADV-3813"]
[Site "http://www.queenalice.com/game.php?id=1496622"]
[Date "2017.9.27"]
[Round "2"]
[White "attachui"]
[Black "avian"]
[Result "1-0"]
[WhiteElo "2128"]
[BlackElo "1575"]

1. d4 d5 2. c4 c6 3. Nf3 Bg4 4. Ne5 Bh5 5. Qb3 Qb6 6. Qh3 Nf6 7. Qc8+ Qd8 8.
Qxb7 Nbd7 9. Nxc6 Qc8 10. Qb5 a6 11. Qa4 e6 12. Ne5 Bd6 13. Nxd7 Nxd7 14. c5 Bc7
15. Nc3 O-O 16. e4 Re8 17. Bd3 Bg6 18. h4 h6 19. Be3 Rb8 20. Bxa6 Qd8 21. exd5
exd5 22. Bb5 Ra8 23. Qb3 Nf6 24. Bxe8 Qxe8 25. Kf1 Bd3+ 26. Kg1 Ng4 27. Nxd5
Bh2+ 28. Rxh2 1-0

[Event "AUTO-ADV-3813"]
[Site "http://www.queenalice.com/game.php?id=1496623"]
[Date "2017.9.27"]
[Round "2"]
[White "avian"]
[Black "attachui"]
[Result "0-1"]
[WhiteElo "1577"]
[BlackElo "2127"]

1. d4 Nf6 2. c4 g6 3. Nc3 Bg7 4. e4 O-O 5. Nf3 d6 6. Be2 e5 7. d5 Nbd7 8. O-O
Nc5 9. Bg5 h6 10. b4 Ncxe4 11. Nxe4 hxg5 12. Nfxg5 Ne8 13. Bg4 f5 14. Ne6 Bxe6
15. dxe6 fxe4 16. Qd5 Kh8 17. Qxe4 Qg5 18. Qxb7 Nf6 19. Bh3 Nh5 20. Qxc7 Nf4 21.
e7 Nxh3+ 22. Kh1 Rfc8 23. Qd7 Nf4 24. g3 Nd3 25. Qh3+ Qh5 26. Qxh5+ gxh5 27.
Rad1 e4 0-1

[Event "AUTO-ADV-3912"]
[Site "http://www.queenalice.com/game.php?id=1497785"]
[Date "2017.10.6"]
[Round "1"]
[White "avian"]
[Black "od_xavier"]
[Result "0-1"]
[WhiteElo "1633"]
[BlackElo "1698"]

1. d4 d6 2. c4 Nf6 3. Nc3 e6 4. e4 Be7 5. Nf3 h6 6. h3 O-O 7. Be3 b6 8. Bd3 Nbd7
9. O-O e5 10. d5 a6 11. Nh4 Bb7 12. Nf5 c5 13. a3 b5 14. f4 exf4 15. Rxf4 Nh5
16. Rg4 Nhf6 17. Rxg7+ Kh8 18. Bxh6 Ne5 19. g4 bxc4 20. Bc2 Qd7 21. g5 Nxe4 22.
Bxe4 f6 23. g6 Nxg6 24. Qh5 Qxf5 0-1

[Event "AUTO-ADV-3912"]
[Site "http://www.queenalice.com/game.php?id=1497786"]
[Date "2017.10.6"]
[Round "1"]
[White "od_xavier"]
[Black "avian"]
[Result "1-0"]
[WhiteElo "1711"]
[BlackElo "1620"]

1. d4 d5 2. e3 e6 3. c4 Bb4+ 4. Bd2 Bxd2+ 5. Nxd2 c6 6. c5 Ne7 7. g4 Nd7 8. f4
O-O 9. Bd3 Ng6 10. Ngf3 Nf6 11. Bxg6 fxg6 12. Ne5 Qa5 13. a3 b6 14. Nxc6 Qa6 15.
Nb4 Qb5 16. c6 a5 17. Nc2 Qxc6 18. O-O Ba6 19. Rf2 Bd3 20. Ne1 Be4 21. Nxe4 Nxe4
22. Rc2 Qa4 23. Nf3 Rac8 24. Rxc8 Qxd1+ 25. Rxd1 1-0

[Event "AUTO-ADV-3912"]
[Site "http://www.queenalice.com/game.php?id=1497787"]
[Date "2017.10.6"]
[Round "1"]
[White "avian"]
[Black "chessman"]
[Result "0-1"]
[WhiteElo "1661"]
[BlackElo "1867"]

1. d4 d5 2. c4 e6 3. Nc3 Nf6 4. Nf3 Be7 5. e3 O-O 6. Bd3 a6 7. O-O Re8 8. Ne5
Nbd7 9. Qc2 h6 10. Bd2 dxc4 11. Bxc4 c5 12. Nf3 cxd4 13. Nxd4 b5 14. Bd3 Bb7 15.
Ne4 Nxe4 16. Bxe4 Bxe4 17. Qxe4 Nf6 18. Qc2 Nd5 19. Rad1 Rc8 20. Qe4 Nf6 21. Qf3
Qd5 22. Qxd5 exd5 23. Nf5 Rc2 24. Nxe7+ Rxe7 25. Bc3 Rd7 0-1

[Event "AUTO-ADV-3912"]
[Site "http://www.queenalice.com/game.php?id=1497788"]
[Date "2017.10.6"]
[Round "1"]
[White "chessman"]
[Black "avian"]
[Result "1-0"]
[WhiteElo "1875"]
[BlackElo "1653"]

1. e4 e6 2. d4 d5 3. e5 c5 4. c3 Nc6 5. f4 Qb6 6. Nf3 cxd4 7. cxd4 Bb4+ 8. Nc3
Nge7 9. Be2 Nf5 10. Bd3 Nfxd4 11. Bd2 Nxf3+ 12. Qxf3 O-O 13. a3 Bc5 14. Na4 Nd4
15. Qh5 h6 16. Nxb6 Bxb6 17. Bc3 Nb3 18. Rd1 Rd8 19. Ke2 Nd4+ 20. Bxd4 Bxd4 21.
Rd2 Bd7 22. Rc2 Rac8 23. Rhc1 Rxc2+ 24. Rxc2 Ba4 25. Rc7 Rf8 26. Bg6 1-0

[Event "AUTO-ADV-3912"]
[Site "http://www.queenalice.com/game.php?id=1497789"]
[Date "2017.10.6"]
[Round "1"]
[White "avian"]
[Black "Nias"]
[Result "0-1"]
[WhiteElo "1606"]
[BlackElo "1782"]

1. d4 d5 2. c4 c6 3. Nc3 e6 4. Nf3 f6 5. e3 Bb4 6. Qc2 Bxc3+ 7. Qxc3 Ne7 8. Bd2
Nd7 9. Bd3 g5 10. Qc2 g4 11. Ng1 f5 12. Ne2 Ng6 13. O-O h5 14. Bb4 a5 15. Bd6
Nf6 16. c5 Ne4 17. Nf4 Nxf4 0-1

[Event "AUTO-ADV-3912"]
[Site "http://www.queenalice.com/game.php?id=1497790"]
[Date "2017.10.6"]
[Round "1"]
[White "Nias"]
[Black "avian"]
[Result "1-0"]
[WhiteElo "1791"]
[BlackElo "1597"]

1. e4 e6 2. Nc3 d5 3. d4 c5 4. Nf3 Nc6 5. Bb5 Bd7 6. Bxc6 Bxc6 7. e5 Qb6 8. O-O
Ne7 9. g4 Ng6 10. Re1 Be7 11. Bg5 Bxg5 12. Nxg5 O-O 13. Nf3 Nf4 14. b3 Nh3+ 15.
Kg2 Nf4+ 16. Kg3 g5 17. Nxg5 1-0

[Event "AUTO-OPEN-3856"]
[Site "http://www.queenalice.com/game.php?id=1498046"]
[Date "2017.10.8"]
[Round "1"]
[White "pomar"]
[Black "avian"]
[Result "1-0"]
[WhiteElo "2025"]
[BlackElo "1608"]

1. f3 e5 2. Kf2 f5 3. e3 Nf6 4. c4 Bc5 5. d4 exd4 6. exd4 Be7 7. Nc3 c5 8. d5 d6
9. Bd3 Nbd7 10. Bxf5 O-O 11. Be6+ Kh8 12. Nh3 Ne5 13. Ng5 Bxe6 14. Nxe6 Qb6 15.
Nxf8 Rxf8 16. b3 Nfg4+ 17. Kg1 Nf6 18. h3 Nh5 19. Kh2 Bh4 20. Ne4 Qd8 21. Bb2
Nf6 22. Bxe5 Nxe4 23. Bxg7+ Kxg7 24. fxe4 Qg5 25. Rf1 Bg3+ 26. Kh1 Rxf1+ 27.
Qxf1 Qe3 28. Qf3 Qg5 29. Rf1 Be5 30. Qf8+ Kg6 31. Qf5+ Qxf5 32. Rxf5 Bd4 33. g4
Be3 34. h4 Bd4 35. Kg2 h6 36. Kf3 Bb2 37. g5 hxg5 38. Rxg5+ 1-0

[Event "AUTO-OPEN-3856"]
[Site "http://www.queenalice.com/game.php?id=1498047"]
[Date "2017.10.8"]
[Round "1"]
[White "avian"]
[Black "pomar"]
[Result "0-1"]
[WhiteElo "1663"]
[BlackElo "2022"]

1. d4 e6 2. e4 d5 3. exd5 exd5 4. Nc3 c6 5. Nf3 Bg4 6. Be2 Bd6 7. O-O Ne7 8. Ne5
Bxe5 9. dxe5 Bxe2 10. Qxe2 Ng6 11. e6 f6 12. Be3 Qd6 13. Bd4 Nf4 14. Qg4 Nxe6
15. Rfe1 Kf7 16. Qh5+ g6 17. Qf3 Nxd4 18. Qe3 Nxc2 19. Qf3 Nxa1 20. Rxa1 Nd7 21.
Qd1 Rae8 22. Kf1 Qxh2 23. Ne4 Qh1+ 24. Ke2 Rxe4+ 0-1

[Event "AUTO-OPEN-3856"]
[Site "http://www.queenalice.com/game.php?id=1498070"]
[Date "2017.10.8"]
[Round "1"]
[White "Rafale2000"]
[Black "avian"]
[Result "1-0"]
[WhiteElo "1974"]
[BlackElo "1638"]

1. d4 d5 2. Nf3 Nf6 3. Bf4 e6 4. e3 c5 5. Bb5+ Bd7 6. Nc3 Nc6 7. O-O Be7 8. Bxc6
Bxc6 9. a4 O-O 10. Ne5 Be8 11. Qe2 cxd4 12. exd4 Qb6 13. b3 Bb4 14. Qd3 Nd7 15.
Ne2 Nxe5 16. Bxe5 Rc8 17. Qg3 f6 18. Bf4 Rf7 19. Rac1 Bd7 20. Qd3 a5 21. c4 Qd8
22. cxd5 exd5 23. Rxc8 Qxc8 24. Rc1 1-0

[Event "AUTO-OPEN-3856"]
[Site "http://www.queenalice.com/game.php?id=1498071"]
[Date "2017.10.8"]
[Round "1"]
[White "avian"]
[Black "Rafale2000"]
[Result "0-1"]
[WhiteElo "1635"]
[BlackElo "1977"]

1. d4 Nf6 2. c4 e6 3. Nf3 d5 4. Bg5 Be7 5. Nc3 c5 6. cxd5 Nxd5 7. Bxe7 Qxe7 8.
e3 O-O 9. Bb5 a6 10. Be2 Nc6 11. O-O Nxc3 12. bxc3 b5 13. Qc2 Bb7 14. a4 cxd4
15. exd4 b4 16. c4 Qf6 17. Rfd1 Rad8 18. Qb2 a5 19. Rab1 Rd7 20. d5 Qxb2 21.
Rxb2 exd5 22. cxd5 Ne7 23. d6 Nc8 0-1

[Event "AUTO-OPEN-3757"]
[Site "http://www.queenalice.com/game.php?id=1499604"]
[Date "2017.10.20"]
[Round "2"]
[White "TheRealHousekeeper"]
[Black "avian"]
[Result "1-0"]
[WhiteElo "2362"]
[BlackElo "1646"]

1. Nf3 d6 2. e4 Bg4 3. d4 Nf6 4. Nc3 e5 5. dxe5 Bxf3 6. Qxf3 dxe5 7. Bg5 Be7 8.
Rd1 Qc8 9. Bc4 O-O 10. O-O Nc6 11. Bxf6 1-0

[Event "AUTO-OPEN-3757"]
[Site "http://www.queenalice.com/game.php?id=1499605"]
[Date "2017.10.20"]
[Round "2"]
[White "avian"]
[Black "TheRealHousekeeper"]
[Result "0-1"]
[WhiteElo "1644"]
[BlackElo "2363"]

1. d4 e6 2. c4 a6 3. Nf3 Nf6 4. Nc3 d5 5. e3 dxc4 6. Bxc4 b5 7. Bd3 Bb7 8. O-O
c5 9. Be2 Nbd7 10. h3 Rc8 0-1

[Event "AUTO-OPEN-3811"]
[Site "http://www.queenalice.com/game.php?id=1500095"]
[Date "2017.10.23"]
[Round "2"]
[White "Football_rules"]
[Black "avian"]
[Result "1-0"]
[WhiteElo "1649"]
[BlackElo "1591"]

1. e4 e6 2. Nf3 d5 3. Nc3 Bb4 4. Ne5 Bxc3 5. dxc3 Ne7 6. Qf3 O-O 7. Qg3 dxe4 8.
Bh6 Ng6 9. Nxg6 fxg6 10. Bc4 gxh6 11. Qe5 Nc6 12. Qxe4 Qf6 13. O-O-O Kg7 14. h4
Ne5 15. Rdf1 Bd7 16. Bb3 Bc6 17. Qe3 Bxg2 18. h5 Bxh1 19. Rxh1 g5 20. a3 Qf4 21.
Qxf4 Rxf4 22. Rf1 Kf6 23. Kb1 Rh4 24. Ka2 Rxh5 25. Ba4 Rh4 26. Bb5 Rf4 27. c4
Ng4 28. f3 Ne3 29. Rf2 Nxc4 30. Bxc4 Rxc4 31. c3 Rf4 32. b4 g4 33. Rh2 Kg5 34.
Rg2 Rxf3 35. Rd2 Rxc3 36. Rd7 Rf8 37. Kb2 Rff3 38. b5 Rb3+ 39. Kc2 Rfc3+ 40. Kd2
g3 41. a4 Kh4 42. Rd8 g2 43. Rd4+ Kg3 44. b6 g1=Q 45. bxa7 Qc1+ 46. Ke2 Rb2+ 47.
Rd2 Qxd2+ 48. Kf1 1-0

[Event "AUTO-OPEN-3811"]
[Site "http://www.queenalice.com/game.php?id=1500096"]
[Date "2017.10.23"]
[Round "2"]
[White "avian"]
[Black "Football_rules"]
[Result "0-1"]
[WhiteElo "1602"]
[BlackElo "1739"]

1. d4 d5 2. c4 dxc4 3. Nc3 Nc6 4. e3 Nf6 5. Bxc4 Bg4 6. Nf3 e6 7. O-O Bd6 8. Bd2
h6 9. a3 a6 10. h3 Bxf3 11. Qxf3 e5 12. d5 Ne7 13. e4 b5 14. Bd3 Ng6 15. Nd1 Qe7
16. Ne3 O-O 17. Nf5 Qd7 18. Rac1 Rac8 19. Nxd6 Qxd6 20. Be3 c6 21. Rfd1 c5 22.
g4 Nh4 23. Qg3 g5 24. Rc3 c4 25. Bf1 Nxe4 0-1

[Event "AUTO-OPEN-3811"]
[Site "http://www.queenalice.com/game.php?id=1500101"]
[Date "2017.10.23"]
[Round "2"]
[White "avian"]
[Black "josebaron"]
[Result "0-1"]
[WhiteElo "1642"]
[BlackElo "2042"]

1. d4 d5 2. c4 Nf6 3. Nc3 e6 4. e3 Be7 5. Nf3 dxc4 6. Bxc4 c5 7. O-O cxd4 8.
Nxd4 O-O 9. Re1 Nc6 10. Nxc6 bxc6 11. Be2 a5 12. Qc2 Ba6 13. Rd1 Qc7 14. Bf3 Bb7
15. Nb5 Qb6 16. Nc3 Rfd8 17. b3 Rxd1+ 18. Qxd1 Rd8 0-1

[Event "AUTO-OPEN-3811"]
[Site "http://www.queenalice.com/game.php?id=1500102"]
[Date "2017.10.23"]
[Round "2"]
[White "josebaron"]
[Black "avian"]
[Result "1-0"]
[WhiteElo "2044"]
[BlackElo "1640"]

1. e4 c6 2. c4 d5 3. cxd5 cxd5 4. exd5 Qxd5 5. Nf3 Bg4 6. Be2 e5 7. Nc3 Qd6 8.
O-O Nc6 9. h3 Be6 10. Bb5 Ne7 11. Re1 f6 12. a4 Nf5 13. Ne4 Qc7 14. Qc2 Rc8 15.
Bxc6+ Qxc6 16. Qxc6+ Rxc6 17. a5 Be7 18. g4 Nd6 19. Nxd6+ 1-0